Đại số sơ cấp và thực hành giải toán

সংরক্ষণ করুন:
গ্রন্থ-পঞ্জীর বিবরন
প্রধান লেখক: Hoàng, Kỳ
অন্যান্য লেখক: Hoàng, Thanh Hà
বিন্যাস: গ্রন্থ
ভাষা:Undetermined
প্রকাশিত: H. ĐHSP 2005
বিষয়গুলি:
অনলাইন ব্যবহার করুন:http://lrc.tdmu.edu.vn/opac/search/detail.asp?aID=2&ID=5733
ট্যাগগুলো: ট্যাগ যুক্ত করুন
কোনো ট্যাগ নেই, প্রথমজন হিসাবে ট্যাগ করুন!
Thư viện lưu trữ: Trung tâm Học liệu Trường Đại học Thủ Dầu Một
LEADER 00611nam a2200205Ia 4500
001 TDMU_5733
008 210410s9999 xx 000 0 und d
082 |a 512 
090 |b H407 
100 |a Hoàng, Kỳ 
245 0 |a Đại số sơ cấp và thực hành giải toán 
245 0 |c Hoàng Kỳ 
260 |a H. 
260 |b ĐHSP 
260 |c 2005 
300 |a 436tr. 
650 |a Đại số  |x Sơ cấp 
700 |a Hoàng, Thanh Hà 
856 |u http://lrc.tdmu.edu.vn/opac/search/detail.asp?aID=2&ID=5733 
980 |a Trung tâm Học liệu Trường Đại học Thủ Dầu Một